Υπόθεση Ιησούς
Αποθηκεύτηκε σε:
| Κύριος συγγραφέας: | |
|---|---|
| Μορφή: | Βιβλίο |
| Γλώσσα: | Greek Italian |
| Δημοσίευση: |
Αθήνα :
Πορεία Πνευματική,
1980.
|
| Θέματα: | |
| Ετικέτες: |
Προσθήκη ετικέτας
Δεν υπάρχουν, Καταχωρήστε ετικέτα πρώτοι!
|
MARC
| LEADER | 00000cam a2200000 a 4500 | ||
|---|---|---|---|
| 001 | 1/124318 | ||
| 008 | 220204s1990####gr | ||| |||| ||gre|| | ||
| 040 | |a GR-MyUa |b gre |c GR-MyUa |e AACR2 | ||
| 041 | 1 | |a gre |h ita | |
| 082 | 7 | |a 232 |2 (23) | |
| 100 | 1 | |a Messori, Vittorio, |d 1941- | |
| 245 | 1 | 0 | |a Υπόθεση Ιησούς / |c Vittorio Messori ; με πρόλογο του Λούτσιο Λομπάρντο Racide ; ελληνική απόδοση Μάρκου Ρούσσου, Αλέκας Γρηγοριάδου. |
| 260 | |a Αθήνα : |b Πορεία Πνευματική, |c 1980. | ||
| 300 | |a 302 σ. : |b εικ. ; |c 21 εκ. | ||
| 500 | |a Τίτλος πρωτοτύπου: Ipotesi su Gesu. | ||
| 600 | 0 | 7 | |2 nlgaf |a Ιησούς Χριστός |x Historicity. |
| 600 | 0 | 7 | |2 nlgaf |a Ιησούς Χριστός |x Person and offices. |
| 852 | |a INST |b SYROS |e 20220201 |h 232 MES |p 005500015077 |q 005500015077 |t BK |y 0 | ||
| 970 | |a Κοντού |b Παρασκευή |z 04/02/2022 | ||